[Event "Varsity Oxbridge m 135th"]
[Site "London"]
[Date "2017.03.11"]
[Round "1.4"]
[White "Aguiar, Henrique Rui Neves"]
[Black "Andreev, Peter"]
[Result "1-0"]
[WhiteElo "2186"]
[BlackElo "1999"]
[PlyCount "81"]
[EventDate "2017.03.11"]
[EventType "team-match"]
[EventRounds "1"]
[EventCountry "ENG"]
[SourceTitle "CBM 177 Extra"]
[Source "ChessBase"]
[SourceDate "2017.04.27"]
[SourceVersion "1"]
[SourceVersionDate "2017.04.27"]
[SourceQuality "1"]
[WhiteTeam "Oxford Univeristy"]
[BlackTeam "Cambridge Univeristy"]
[WhiteTeamCountry "ENG"]
[BlackTeamCountry "ENG"]

1. e4 c5 2. Nf3 Nc6 3. d3 g6 4. g3 Bg7 5. Bg2 e5 6. 0-0 Nge7 7. c3 0-0 8. a3 d6 9. b4 h6 10. Nbd2 Be6 11. Re1 Qd7 12. Nb3 b6 13. Bb2 f5 14. exf5 gxf5 15. b5 Na5 16. Nxa5 bxa5 17. c4 f4 18. Nd2 Bg4 19. Qa4 f3 20. Bh1 a6 21. Bc3 Qf5 22. Ne4 Qg6 23. b6 Nf5 24. Rab1 Nh4 25. b7 Rab8 26. Qc6 Ng2 27. Bxg2 fxg2 28. Qxd6 Qf5 29. Bxa5 Bf3 30. Qxc5 Qh3 31. Bc7 Rf5 32. Qd5+ Kh7 33. Qe6 Bg4 34. Qxf5+ Bxf5 35. Bxb8 Bc8 36. c5 Qd7 37. bxc8Q Qxc8 38. Bd6 Qc6 39. Kxg2 Qd5 40. Rb6 Qxd3 41. c6 1-0

[Event "EU-ch U16 23rd"]
[Site "Budva"]
[Date "2013.10.06"]
[Round "7"]
[White "Andreev, Peter"]
[Black "Fraser, John"]
[Result "1-0"]
[WhiteElo "2007"]
[BlackElo "1862"]
[PlyCount "87"]
[EventDate "2013.09.29"]
[EventType "swiss"]
[EventRounds "9"]
[EventCountry "MNE"]
[SourceTitle "CBM 156 Extra"]
[Source "ChessBase"]
[SourceDate "2013.10.22"]
[SourceVersion "1"]
[SourceVersionDate "2013.10.22"]
[SourceQuality "1"]

1. d4 g6 2. e4 Bg7 3. Nc3 d6 4. Be3 a6 5. Qd2 Nd7 6. h4 b5 7. h5 Ngf6 8. h6 Bf8 9. f3 Bb7 10. g4 c5 11. g5 Ng8 12. Bh3 e6 13. dxc5 dxc5 14. 0-0-0 Ne7 15. Nge2 Nc6 16. Nf4 Nde5 17. Qf2 Qa5 18. Kb1 b4 19. Nce2 Nc4 20. Nxe6 fxe6 21. Bxe6 N6e5 22. f4 Qb6 23. Bh3 Na3+ 24. Kc1 Nec4 25. Ng3 Rd8 26. Rxd8+ Kxd8 27. Rd1+ Kc7 28. e5 Bc6 29. f5 gxf5 30. Qxf5 Be7 31. Bf4 Qb7 32. Bg2 Rd8 33. Rxd8 Kxd8 34. Bxc6 Qxc6 35. bxa3 Nxa3 36. Qxh7 Qg2 37. Qd3+ Kc7 38. h7 c4 39. e6+ Kb6 40. Qe2 Qg1+ 41. Qd1 Qh2 42. Nh5 Bxg5 43. Bxg5 Qe5 44. Qd8+ 1-0

[Event "EU-ch U16 23rd"]
[Site "Budva"]
[Date "2013.10.05"]
[Round "6"]
[White "Takacs, Laszlo"]
[Black "Andreev, Peter"]
[Result "1-0"]
[WhiteElo "2130"]
[BlackElo "2007"]
[PlyCount "79"]
[EventDate "2013.09.29"]
[EventType "swiss"]
[EventRounds "9"]
[EventCountry "MNE"]
[SourceTitle "CBM 156 Extra"]
[Source "ChessBase"]
[SourceDate "2013.10.22"]
[SourceVersion "1"]
[SourceVersionDate "2013.10.22"]
[SourceQuality "1"]

1. e4 c5 2. Nf3 Nc6 3. d4 cxd4 4. Nxd4 e6 5. Nc3 Nf6 6. Ndb5 d6 7. Bf4 e5 8. Bg5 a6 9. Na3 b5 10. Nd5 Be7 11. Bxf6 Bxf6 12. c3 Bg5 13. Nc2 0-0 14. a4 bxa4 15. Rxa4 a5 16. Bc4 Kh8 17. 0-0 f5 18. exf5 Bxf5 19. Nce3 Bg6 20. Bb5 Ne7 21. Nxe7 Bxe7 22. Nd5 Bg5 23. Qe2 Bf7 24. Bc4 Bxd5 25. Bxd5 Rb8 26. b3 Qb6 27. Qh5 Bh6 28. b4 axb4 29. Rxb4 Qc5 30. Rxb8 Rxb8 31. c4 Rf8 32. Qh4 Qb6 33. Kh1 Rb8 34. g3 Qb2 35. Qe7 Qb4 36. Kg2 g6 37. Ra1 Rf8 38. Ra7 Rxf2+ 39. Kh3 Rxh2+ 40. Kg4 1-0

[Event "EU-ch U16 23rd"]
[Site "Budva"]
[Date "2013.09.30"]
[Round "2"]
[White "Andreev, Peter"]
[Black "Rydstrom, Tom"]
[Result "1-0"]
[WhiteElo "2007"]
[BlackElo "2184"]
[PlyCount "67"]
[EventDate "2013.09.29"]
[EventType "swiss"]
[EventRounds "9"]
[EventCountry "MNE"]
[SourceTitle "CBM 156 Extra"]
[Source "ChessBase"]
[SourceDate "2013.10.22"]
[SourceVersion "1"]
[SourceVersionDate "2013.10.22"]
[SourceQuality "1"]

1. e4 e5 2. Nf3 Nc6 3. d4 exd4 4. Nxd4 Qf6 5. Nxc6 Bc5 6. Qf3 dxc6 7. Nd2 Be6 8. Nb3 Bb6 9. c4 Qe5 10. Qf4 Qxf4 11. Bxf4 Nf6 12. f3 a5 13. a4 Nd7 14. 0-0-0 f6 15. Kc2 0-0 16. Rxd7 Bxd7 17. c5 Ba7 18. Bc4+ Kh8 19. Rd1 Be8 20. Bxc7 Bf7 21. Bxf7 Rxf7 22. Bxa5 h6 23. Bc3 Re8 24. g3 Kh7 25. a5 Ree7 26. Rd8 f5 27. e5 f4 28. g4 h5 29. h3 hxg4 30. hxg4 Kg6 31. Ra8 Kg5 32. Rxa7 Kh4 33. Nd4 g6 34. e6 1-0

[Event "Bedford e2e4 op"]
[Site "Bedford"]
[Date "2013.09.22"]
[Round "5"]
[White "Burrows, Martin P"]
[Black "Andreev, Peter"]
[Result "1-0"]
[WhiteElo "2142"]
[BlackElo "2007"]
[PlyCount "161"]
[EventDate "2013.09.20"]
[EventType "swiss"]
[EventRounds "5"]
[EventCountry "ENG"]
[SourceTitle "CBM 156 Extra"]
[Source "ChessBase"]
[SourceDate "2013.10.22"]
[SourceVersion "1"]
[SourceVersionDate "2013.10.22"]
[SourceQuality "1"]

1. e4 c5 2. Nf3 Nc6 3. d4 cxd4 4. Nxd4 e6 5. Nb5 Bc5 6. Nd6+ Ke7 7. Nxc8+ Rxc8 8. Bd3 Nf6 9. 0-0 Ne5 10. Nc3 d5 11. Bg5 d4 12. Ne2 h6 13. Bh4 g5 14. Bg3 Nc6 15. h3 e5 16. a3 h5 17. h4 g4 18. Qd2 Rg8 19. b4 Bd6 20. Nc1 Qc7 21. Nb3 b6 22. c4 dxc3 23. Qxc3 Nd8 24. Qb2 Ne6 25. Rac1 Qb8 26. Rfe1 b5 27. Nc5 Nd4 28. Bb1 Nd7 29. Nxd7 Kxd7 30. Ba2 Ke7 31. Kh2 Rh8 32. Qd2 f6 33. Bd5 Kd7 34. Red1 Bf8 35. Rxc8 Qxc8 36. Bf4 Bd6 37. Be3 Ke7 38. Bxd4 exd4+ 39. g3 Be5 40. Rc1 Qb8 41. Rc6 Kf8 42. Qc2 Kg7 43. Qc5 Kg6 44. Be6 Rd8 45. Bf5+ Kf7 46. Ra6 Bd6 47. Qd5+ Kg7 48. e5 Bxe5 49. Qc5 Bd6 50. Qxa7+ Qxa7 51. Rxa7+ Kf8 52. Bd3 Rc8 53. Bxb5 Rc3 54. Rd7 Be7 55. a4 Bxb4 56. Rxd4 Rb3 57. Kg2 Rb2 58. Rf4 Ke7 59. Re4+ Kf8 60. Re2 Rb3 61. Be8 Ra3 62. Bxh5 Rxa4 63. Re4 Ra5 64. Rxb4 Rxh5 65. Rxg4 Kf7 66. Ra4 Rb5 67. g4 Kg6 68. Rf4 Rb3 69. f3 Rb1 70. h5+ Kg7 71. Rf5 Rc1 72. Rd5 Rc2+ 73. Kg3 Rc7 74. Ra5 Rb7 75. Rc5 Rd7 76. Rb5 Rc7 77. Kf4 Rc3 78. Rb7+ Kg8 79. Kf5 Rxf3+ 80. Kg6 Kf8 81. Rf7+ 1-0

[Event "Brighton e2e4 Masters"]
[Site "Brighton"]
[Date "2013.02.19"]
[Round "6"]
[White "Andreev, Peter"]
[Black "Burrows, Martin P"]
[Result "1/2-1/2"]
[WhiteElo "2002"]
[BlackElo "2147"]
[PlyCount "75"]
[EventDate "2013.02.16"]
[EventType "swiss"]
[EventRounds "9"]
[EventCountry "ENG"]
[SourceTitle "CBM 153 Extra"]
[Source "ChessBase"]
[SourceDate "2013.04.22"]
[SourceVersion "1"]
[SourceVersionDate "2013.04.22"]
[SourceQuality "1"]

1. e4 e6 2. d4 d5 3. Nc3 Bb4 4. e5 c5 5. a3 Bxc3+ 6. bxc3 Ne7 7. Qg4 Qc7 8. Qxg7 Rg8 9. Qxh7 cxd4 10. Ne2 Nbc6 11. f4 dxc3 12. Qd3 Nf5 13. g4 Rxg4 14. Bh3 Rg8 15. Bxf5 exf5 16. Nxc3 Be6 17. Nb5 Qb6 18. Rb1 Rg1+ 19. Rxg1 Qxg1+ 20. Qf1 Qxf1+ 21. Kxf1 Kd7 22. Be3 d4 23. Nxd4 Nxd4 24. Bxd4 Kc6 25. Bf2 b5 26. Rd1 Bd5 27. h4 a5 28. Ke2 Rc8 29. c3 a4 30. Rg1 Kd7 31. Rg3 Rh8 32. Rg5 Ke6 33. h5 Bc4+ 34. Kf3 Bb3 35. Kg3 Bd1 36. Kh4 Be2 37. Bd4 Bd1 38. Bc5 1/2-1/2

[Event "Brighton e2e4 Masters"]
[Site "Brighton"]
[Date "2013.02.16"]
[Round "1"]
[White "Kirk, Ezra"]
[Black "Andreev, Peter"]
[Result "1-0"]
[WhiteElo "2271"]
[BlackElo "2002"]
[PlyCount "83"]
[EventDate "2013.02.16"]
[EventType "swiss"]
[EventRounds "9"]
[EventCountry "ENG"]
[SourceTitle "CBM 153 Extra"]
[Source "ChessBase"]
[SourceDate "2013.04.22"]
[SourceVersion "1"]
[SourceVersionDate "2013.04.22"]
[SourceQuality "1"]

1. d4 Nf6 2. c4 g6 3. g3 Bg7 4. Bg2 0-0 5. Nc3 d6 6. Nf3 c6 7. 0-0 a6 8. e4 b5 9. e5 Nfd7 10. Bf4 Nb6 11. cxb5 axb5 12. exd6 exd6 13. Ne4 d5 14. Nc5 N8d7 15. Nd3 h6 16. Qc1 Nc4 17. Bxh6 Bxh6 18. Qxh6 Nf6 19. Nfe5 Ng4 20. Nxg4 Bxg4 21. Rfe1 Re8 22. b3 Rxe1+ 23. Rxe1 Bf5 24. Nc5 Nb6 25. Qd2 Nd7 26. Nxd7 Bxd7 27. Rc1 Qa5 28. Qxa5 Rxa5 29. Rc2 Ra6 30. Bf1 Bf5 31. Rb2 Ra3 32. f3 g5 33. Kf2 Kf8 34. Ke3 Ke7 35. Bd3 Bxd3 36. Kxd3 Ra8 37. Kc3 Kd6 38. Kb4 f5 39. h4 Rg8 40. Rh2 g4 41. f4 Re8 42. h5 1-0

[Event "London Classic op 4th"]
[Site "London"]
[Date "2012.12.07"]
[Round "7"]
[White "Andreev, Peter"]
[Black "Steil Antoni, Fiona"]
[Result "0-1"]
[WhiteElo "2017"]
[BlackElo "2169"]
[PlyCount "42"]
[EventDate "2012.12.01"]
[EventType "swiss"]
[EventRounds "9"]
[EventCountry "ENG"]
[SourceTitle "CBM 151 Extra"]
[Source "ChessBase"]
[SourceDate "2012.12.18"]
[SourceVersion "1"]
[SourceVersionDate "2012.12.18"]
[SourceQuality "1"]

1. e4 e6 2. d4 d5 3. Nc3 Bb4 4. e5 c5 5. a3 Bxc3+ 6. bxc3 Ne7 7. Qg4 Qc7 8. Qxg7 Rg8 9. Qxh7 cxd4 10. Ne2 Nbc6 11. f4 Bd7 12. Qd3 dxc3 13. Nxc3 a6 14. g3 Rc8 15. Bd2 Na5 16. Bg2 Nc4 17. Ke2 Nb2 18. Qd4 Nf5 19. Qb4 Nc4 20. Na2 Nd4+ 21. Kd1 Ne3+ 0-1

[Event "London Classic op 4th"]
[Site "London"]
[Date "2012.12.06"]
[Round "6"]
[White "Watson, Darrell"]
[Black "Andreev, Peter"]
[Result "0-1"]
[WhiteElo "1758"]
[BlackElo "2017"]
[PlyCount "72"]
[EventDate "2012.12.01"]
[EventType "swiss"]
[EventRounds "9"]
[EventCountry "ENG"]
[SourceTitle "CBM 151 Extra"]
[Source "ChessBase"]
[SourceDate "2012.12.18"]
[SourceVersion "1"]
[SourceVersionDate "2012.12.18"]
[SourceQuality "1"]

1. e4 c5 2. Nc3 Nc6 3. f4 g6 4. Nf3 Bg7 5. Bb5 Nd4 6. 0-0 Nxb5 7. Nxb5 d6 8. Nc3 e6 9. Qe1 Ne7 10. d3 Nc6 11. f5 0-0 12. Bg5 f6 13. Bd2 exf5 14. exf5 Bxf5 15. Qg3 Ne5 16. Nh4 Be6 17. Rae1 d5 18. Kh1 Qd7 19. Nf3 Rae8 20. Ne2 Nxf3 21. Rxf3 Bg4 22. Rf2 f5 23. Bc3 Bxc3 24. bxc3 f4 25. Qh4 f3 26. gxf3 Rxf3 27. Kg1 Rxf2 28. Qxf2 Bxe2 29. Rxe2 Qg4+ 30. Kf1 Rf8 31. Re8 Rxe8 32. Qxc5 Qe2+ 33. Kg1 Qe1+ 34. Kg2 Re2+ 35. Kh3 Qf1+ 36. Kg4 Rg2+ 0-1

[Event "London Classic op 4th"]
[Site "London"]
[Date "2012.12.04"]
[Round "4"]
[White "Jetzl, Joerg"]
[Black "Andreev, Peter"]
[Result "1-0"]
[WhiteElo "2208"]
[BlackElo "2017"]
[PlyCount "39"]
[EventDate "2012.12.01"]
[EventType "swiss"]
[EventRounds "9"]
[EventCountry "ENG"]
[SourceTitle "CBM 151 Extra"]
[Source "ChessBase"]
[SourceDate "2012.12.18"]
[SourceVersion "1"]
[SourceVersionDate "2012.12.18"]
[SourceQuality "1"]

1. d4 Nf6 2. Nf3 g6 3. Bg5 Bg7 4. Nbd2 0-0 5. c3 d6 6. e4 h6 7. Bh4 g5 8. Bg3 Nh5 9. Bc4 c5 10. dxc5 Nxg3 11. hxg3 dxc5 12. Nxg5 Qb6 13. Qh5 e6 14. 0-0-0 Qa5 15. e5 Nc6 16. Nde4 Nxe5 17. Nf6+ Kh8 18. f4 Ng6 19. Bd3 Qxa2 20. Nxf7+ 1-0

[Event "Basingstoke e2e4 op"]
[Site "Basingstoke"]
[Date "2012.10.29"]
[Round "5"]
[White "Andreev, Peter"]
[Black "Kisteneva, Elizaveta"]
[Result "1-0"]
[WhiteElo "1981"]
[BlackElo "2057"]
[PlyCount "71"]
[EventDate "2012.10.27"]
[EventType "swiss"]
[EventRounds "9"]
[EventCountry "ENG"]
[SourceTitle "EXT 2013"]
[Source "ChessBase"]
[SourceDate "2012.11.22"]
[SourceVersion "1"]
[SourceVersionDate "2012.11.22"]
[SourceQuality "1"]

1. e4 c5 2. Nc3 e6 3. g3 Nc6 4. Bg2 g6 5. d3 Bg7 6. Be3 d6 7. Qd2 Rb8 8. Nge2 Nd4 9. h4 Qa5 10. h5 Nxe2 11. Kxe2 Ne7 12. h6 Bf6 13. Bg5 Bd4 14. Nd1 Qxd2+ 15. Bxd2 b6 16. c3 Bf6 17. f4 Ba6 18. g4 Rf8 19. g5 Bh8 20. Ne3 f6 21. a4 fxg5 22. fxg5 Nc6 23. Ng4 c4 24. d4 Nxd4+ 25. cxd4 c3+ 26. Ke3 cxd2 27. Rhd1 e5 28. d5 Rf4 29. Nf2 Rh4 30. Bf3 Ke7 31. Rxd2 Rf8 32. Be2 Bc8 33. Rc2 Rh2 34. Rc7+ Kd8 35. Rac1 Bd7 36. Bb5 1-0

[Event "Basingstoke e2e4 op"]
[Site "Basingstoke"]
[Date "2012.10.29"]
[Round "4"]
[White "Vahidov, Tair"]
[Black "Andreev, Peter"]
[Result "1-0"]
[WhiteElo "2466"]
[BlackElo "1981"]
[PlyCount "49"]
[EventDate "2012.10.27"]
[EventType "swiss"]
[EventRounds "9"]
[EventCountry "ENG"]
[SourceTitle "EXT 2013"]
[Source "ChessBase"]
[SourceDate "2012.11.22"]
[SourceVersion "1"]
[SourceVersionDate "2012.11.22"]
[SourceQuality "1"]

1. d4 Nf6 2. c4 g6 3. Nc3 Bg7 4. e4 d6 5. Be2 0-0 6. Bg5 h6 7. Be3 Nc6 8. d5 Ne5 9. h3 g5 10. h4 g4 11. Qd2 Kh7 12. f4 gxf3 13. gxf3 Nh5 14. f4 Ng3 15. Rh2 Nxe2 16. Qxe2 Ng4 17. Rg2 Nxe3 18. Qxe3 e5 19. f5 Qxh4+ 20. Ke2 Bd7 21. Nf3 Qf6 22. Rh1 Rh8 23. Nh2 Qh4 24. Qg1 Rag8 25. Nf3 1-0

[Event "Basingstoke e2e4 op"]
[Site "Basingstoke"]
[Date "2012.10.28"]
[Round "2"]
[White "Andreev, Peter"]
[Black "D'Costa, Lorin AR"]
[Result "1/2-1/2"]
[WhiteElo "1981"]
[BlackElo "2426"]
[PlyCount "90"]
[EventDate "2012.10.27"]
[EventType "swiss"]
[EventRounds "9"]
[EventCountry "ENG"]
[SourceTitle "EXT 2013"]
[Source "ChessBase"]
[SourceDate "2012.11.22"]
[SourceVersion "1"]
[SourceVersionDate "2012.11.22"]
[SourceQuality "1"]

1. e4 c5 2. Nc3 a6 3. a4 Nc6 4. d3 g6 5. g3 Bg7 6. Bg2 d6 7. Be3 Nf6 8. h3 0-0 9. Nge2 Rb8 10. Qd2 b5 11. axb5 axb5 12. 0-0 b4 13. Nd1 e5 14. Bg5 Bb7 15. Ne3 h6 16. Bxf6 Qxf6 17. Nd5 Qd8 18. c3 Na5 19. Qc2 Bxd5 20. exd5 c4 21. Ra4 cxd3 22. Qxd3 bxc3 23. b4 Nb3 24. Qxc3 Nd4 25. Nxd4 exd4 26. Qd3 Qc7 27. Rfa1 Qc3 28. Bf1 Rfc8 29. b5 Bf6 30. R1a3 Qc1 31. Ra1 Qc5 32. Qf3 Kg7 33. Rc4 Qxc4 34. Bxc4 Rxc4 35. Rb1 Rb6 36. Rb3 Rc5 37. Qd3 Rxd5 38. Rb4 Rc5 39. Kg2 Rc3 40. Qd2 Rc5 41. Qd3 Rc3 42. Qd2 Rc5 43. Qd3 d5 44. h4 Rc3 45. Qd2 Rc5 1/2-1/2

[Event "Basingstoke e2e4 op"]
[Site "Basingstoke"]
[Date "2012.10.28"]
[Round "3"]
[White "Holland, James P"]
[Black "Andreev, Peter"]
[Result "1-0"]
[WhiteElo "2251"]
[BlackElo "1981"]
[PlyCount "87"]
[EventDate "2012.10.27"]
[EventType "swiss"]
[EventRounds "9"]
[EventCountry "ENG"]
[SourceTitle "EXT 2013"]
[Source "ChessBase"]
[SourceDate "2012.11.22"]
[SourceVersion "1"]
[SourceVersionDate "2012.11.22"]
[SourceQuality "1"]

1. d4 Nf6 2. Nf3 g6 3. g3 Bg7 4. Bg2 0-0 5. 0-0 d6 6. Nc3 c6 7. e4 Qc7 8. Re1 e5 9. a4 Bg4 10. Be3 Nbd7 11. h3 Be6 12. d5 cxd5 13. exd5 Bf5 14. Nh4 Nb6 15. Nb5 Qd8 16. Nxf5 gxf5 17. b3 a6 18. Na3 e4 19. c4 Nfd7 20. Rb1 Nc5 21. Qh5 Qf6 22. Bg5 Qe5 23. Nc2 Nd3 24. Re2 Nd7 25. Ne3 N7c5 26. Bh6 Bxh6 27. Qxh6 Kh8 28. Nd1 f4 29. b4 Qf5 30. bxc5 f3 31. Ne3 Qg6 32. Qxg6 fxg6 33. Rd2 fxg2 34. cxd6 Rad8 35. Rxb7 Rxd6 36. Nxg2 Rdf6 37. Nf4 Ne5 38. Rc2 e3 39. fxe3 g5 40. Re7 gxf4 41. Rxe5 fxe3 42. Rxe3 Rf1+ 43. Kg2 Ra1 44. Rf2 1-0

[Event "London Classic op"]
[Site "London"]
[Date "2011.12.06"]
[Round "4"]
[White "Andreev, Peter"]
[Black "Gant, Chris"]
[Result "1/2-1/2"]
[WhiteElo "1914"]
[BlackElo "2194"]
[PlyCount "117"]
[EventDate "2011.12.03"]
[EventType "swiss"]
[EventRounds "9"]
[EventCountry "ENG"]
[SourceTitle "CBM 145 Extra"]
[Source "ChessBase"]
[SourceDate "2012.01.03"]
[SourceVersion "1"]
[SourceVersionDate "2012.01.03"]
[SourceQuality "1"]

1. e4 c5 2. Nc3 g6 3. d3 Nc6 4. Be3 d6 5. g3 Bg7 6. Bg2 Rb8 7. Qd2 b5 8. h4 b4 9. Nd1 h5 10. Ne2 Qb6 11. 0-0 Nf6 12. f4 Ng4 13. f5 Nxe3 14. Qxe3 c4 15. Qxb6 Rxb6 16. fxg6 fxg6 17. Nf4 cxd3 18. cxd3 Ne5 19. Ne3 Ng4 20. Ned5 Bd4+ 21. Kh1 Nf2+ 22. Kh2 Ng4+ 23. Kh1 Nf2+ 24. Rxf2 Bxf2 25. Nxg6 Rh6 26. Nxb6 Bxb6 27. Nf4 Bd4 28. Bf3 Bxb2 29. Rb1 Bc3 30. Bxh5+ Rxh5 31. Nxh5 Be6 32. Nf4 Bxa2 33. Rc1 Be5 34. Ne2 b3 35. d4 Bxd4 36. Nxd4 b2 37. Re1 b1Q 38. Rxb1 Bxb1 39. e5 a5 40. Kg1 a4 41. exd6 exd6 42. Kf2 a3 43. Ke3 a2 44. Nb3 Ke7 45. Kd2 Bf5 46. Kc1 Be6 47. Na1 Kf6 48. Kb2 Kf5 49. Nc2 Kg4 50. Nd4 Bc4 51. Nc2 Kxg3 52. Ne3 Be6 53. h5 Kf4 54. h6 Bg8 55. Nd5+ Kg5 56. Ne7 Bh7 57. Kxa2 Kxh6 58. Kb2 Kg5 59. Kc3 1/2-1/2

[Event "Gatwick e2e4 int op-A"]
[Site "Gatwick"]
[Date "2011.10.29"]
[Round "7"]
[White "Foo, William"]
[Black "Andreev, Peter"]
[Result "0-1"]
[WhiteElo "1931"]
[BlackElo "1914"]
[PlyCount "88"]
[EventDate "2011.10.26"]
[EventType "swiss"]
[EventRounds "9"]
[EventCountry "ENG"]
[SourceTitle "EXT 2014"]
[Source "ChessBase"]
[SourceDate "2013.11.20"]
[SourceVersion "1"]
[SourceVersionDate "2013.11.20"]
[SourceQuality "1"]

1. d4 Nf6 2. c4 g6 3. g3 Bg7 4. Bg2 0-0 5. Nf3 d6 6. 0-0 c6 7. Nc3 a6 8. a4 a5 9. e4 Qc7 10. h3 e5 11. Be3 Na6 12. d5 h6 13. Ne1 Qe7 14. Qd2 Kh7 15. Nd3 Nb4 16. dxc6 bxc6 17. Nxb4 axb4 18. Ne2 Rb8 19. Rfd1 Ne8 20. c5 dxc5 21. Rac1 Qb7 22. Bxc5 Be6 23. Bxf8 Bxf8 24. Qd3 Qb6 25. Qc2 Rc8 26. b3 Nd6 27. Qb2 f6 28. Rd2 Nb7 29. Rcd1 Bc5 30. Nc1 Na5 31. Kh1 Kg7 32. f4 Bd4 33. Rxd4 exd4 34. Rxd4 Nxb3 35. Nxb3 Bxb3 36. Rd7+ Bf7 37. e5 Kg8 38. e6 Bxe6 39. Re7 Rd8 40. Qc2 Bf7 41. Bxc6 b3 42. Qe4 Rd1+ 43. Kg2 Qg1+ 44. Kf3 Qf1+ 0-1

[Event "Gatwick e2e4 int op-A"]
[Site "Gatwick"]
[Date "2011.10.28"]
[Round "4"]
[White "Andreev, Peter"]
[Black "Middleton, Tom"]
[Result "1-0"]
[WhiteElo "1914"]
[BlackElo "1982"]
[PlyCount "37"]
[EventDate "2011.10.26"]
[EventType "swiss"]
[EventRounds "9"]
[EventCountry "ENG"]
[SourceTitle "EXT 2014"]
[Source "ChessBase"]
[SourceDate "2013.11.20"]
[SourceVersion "1"]
[SourceVersionDate "2013.11.20"]
[SourceQuality "1"]

1. e4 g6 2. d4 Bg7 3. Nc3 c5 4. Be3 Qa5 5. Qd2 cxd4 6. Bxd4 Bxd4 7. Qxd4 Nf6 8. f4 Nc6 9. Qd2 d6 10. Nf3 Bg4 11. Be2 0-0-0 12. h3 Bxf3 13. Bxf3 Kb8 14. 0-0-0 e5 15. Kb1 Nd4 16. fxe5 dxe5 17. Qg5 Nd7 18. Rxd4 f6 19. Qg3 1-0

[Event "Gatwick e2e4 int op-A"]
[Site "Gatwick"]
[Date "2011.10.27"]
[Round "2"]
[White "Burrows, Martin P"]
[Black "Andreev, Peter"]
[Result "1-0"]
[WhiteElo "2177"]
[BlackElo "1914"]
[PlyCount "65"]
[EventDate "2011.10.26"]
[EventType "swiss"]
[EventRounds "9"]
[EventCountry "ENG"]
[SourceTitle "EXT 2014"]
[Source "ChessBase"]
[SourceDate "2013.11.20"]
[SourceVersion "1"]
[SourceVersionDate "2013.11.20"]
[SourceQuality "1"]

1. e4 c5 2. Nf3 Nc6 3. d4 cxd4 4. Nxd4 Nf6 5. Nc3 e5 6. Ndb5 d6 7. Bg5 a6 8. Na3 b5 9. Nd5 Be7 10. Bxf6 Bxf6 11. c4 b4 12. Nc2 a5 13. g3 Bg5 14. h4 Bh6 15. Bh3 Rb8 16. b3 0-0 17. Bxc8 Rxc8 18. Qh5 Ne7 19. Nxe7+ Qxe7 20. 0-0 Qe6 21. Rad1 a4 22. Qf5 Qxf5 23. exf5 axb3 24. axb3 Rc6 25. Nxb4 Rb6 26. Nd5 Rxb3 27. Ne7+ Kh8 28. Rxd6 Rb7 29. Nc6 f6 30. Nd8 Rb4 31. Nf7+ Kg8 32. Nxh6+ gxh6 33. Rc1 1-0

[Event "London Classic op"]
[Site "London"]
[Date "2010.12.13"]
[Round "7"]
[White "Anderton, Matthew"]
[Black "Andreev, Peter"]
[Result "1/2-1/2"]
[WhiteElo "2227"]
[BlackElo "1864"]
[PlyCount "28"]
[EventDate "2010.12.08"]
[EventType "swiss"]
[EventRounds "9"]
[EventCountry "ENG"]
[SourceTitle "CBM 139 Extra"]
[Source "ChessBase"]
[SourceDate "2011.01.05"]
[SourceVersion "1"]
[SourceVersionDate "2011.01.05"]
[SourceQuality "1"]

1. e4 c5 2. c3 Nf6 3. e5 Nd5 4. Nf3 e6 5. Bc4 d6 6. 0-0 Nc6 7. d4 cxd4 8. cxd4 Be7 9. exd6 Bxd6 10. Nc3 0-0 11. Re1 Nce7 12. Ne5 a6 13. a4 Qc7 14. Qb3 Nc6 1/2-1/2

[Event "London Classic op"]
[Site "London"]
[Date "2010.12.13"]
[Round "6"]
[White "Andreev, Peter"]
[Black "Britton, Richard"]
[Result "1/2-1/2"]
[WhiteElo "1864"]
[BlackElo "2229"]
[PlyCount "63"]
[EventDate "2010.12.08"]
[EventType "swiss"]
[EventRounds "9"]
[EventCountry "ENG"]
[SourceTitle "CBM 139 Extra"]
[Source "ChessBase"]
[SourceDate "2011.01.05"]
[SourceVersion "1"]
[SourceVersionDate "2011.01.05"]
[SourceQuality "1"]

1. e4 c5 2. Nc3 Nc6 3. Bb5 Nd4 4. Bc4 g6 5. Nf3 Bg7 6. Nxd4 cxd4 7. Qf3 e6 8. Nb5 d6 9. Qg3 e5 10. Qb3 Nh6 11. d3 Rf8 12. Qb4 Ke7 13. f4 a6 14. Na3 Ng8 15. 0-0 Qc7 16. fxe5 Bxe5 17. Bd5 Nf6 18. Bg5 h6 19. Bxh6 Nxd5 20. Bxf8+ Kxf8 21. exd5 Qe7 22. Rae1 b5 23. c4 Bf5 24. cxb5 Bxd3 25. Rf3 Bxb5 26. Nxb5 axb5 27. Qxb5 Bxh2+ 28. Kxh2 Qxe1 29. Qb7 Qh4+ 30. Kg1 Qe1+ 31. Kh2 Qh4+ 32. Kg1 1/2-1/2

[Event "London Classic Busy op"]
[Site "London"]
[Date "2010.12.12"]
[Round "5"]
[White "Wall, Gavin"]
[Black "Andreev, Peter"]
[Result "1-0"]
[WhiteElo "2325"]
[BlackElo "1864"]
[PlyCount "35"]
[EventDate "2010.12.11"]
[EventType "swiss"]
[EventRounds "5"]
[EventCountry "ENG"]
[SourceTitle "CBM 139 Extra"]
[Source "ChessBase"]
[SourceDate "2011.01.05"]
[SourceVersion "1"]
[SourceVersionDate "2011.01.05"]
[SourceQuality "1"]

1. e4 c5 2. Nf3 Nc6 3. Bb5 g6 4. 0-0 Bg7 5. Nc3 e5 6. Bxc6 bxc6 7. d3 Ne7 8. Ne1 0-0 9. f4 exf4 10. Bxf4 d5 11. Qd2 Qb6 12. Rb1 c4+ 13. Kh1 cxd3 14. Nxd3 d4 15. Na4 Qb5 16. Nac5 Be6 17. a4 Qc4 18. Qc1 1-0

[Event "London Classic Busy op"]
[Site "London"]
[Date "2010.12.11"]
[Round "3"]
[White "Musthapha, Othman"]
[Black "Andreev, Peter"]
[Result "0-1"]
[WhiteElo "1699"]
[BlackElo "1864"]
[PlyCount "112"]
[EventDate "2010.12.11"]
[EventType "swiss"]
[EventRounds "5"]
[EventCountry "ENG"]
[SourceTitle "CBM 139 Extra"]
[Source "ChessBase"]
[SourceDate "2011.01.05"]
[SourceVersion "1"]
[SourceVersionDate "2011.01.05"]
[SourceQuality "1"]

1. e4 c5 2. Nf3 Nc6 3. c3 Nf6 4. Qc2 e5 5. Bc4 Be7 6. 0-0 0-0 7. a4 a6 8. d3 Rb8 9. Nbd2 b5 10. axb5 axb5 11. Bd5 Qc7 12. Re1 d6 13. Nf1 Nxd5 14. exd5 Nd8 15. Ng3 f5 16. Bg5 Bxg5 17. Nxg5 h6 18. Nf3 c4 19. dxc4 bxc4 20. Nh4 f4 21. Ne4 Nf7 22. Ra4 Ng5 23. Nd2 Rb5 24. Nxc4 Rxd5 25. Nd2 Qd7 26. f3 Rxd2 27. Qxd2 Qxa4 28. Qxd6 Nf7 29. Qd5 Rd8 30. Qc5 Ba6 31. Ng6 Rd1 32. Ne7+ Kh7 33. Qf2 Rxe1+ 34. Qxe1 Qd7 35. Qe4+ Kh8 36. Qa8+ Qd8 37. Ng6+ Kh7 38. Qxa6 Qd1+ 39. Kf2 Qd2+ 40. Qe2 Qxe2+ 41. Kxe2 Kxg6 42. Kd3 Kf5 43. b4 Nd6 44. c4 g5 45. c5 Nb7 46. c6 Nd6 47. c7 Ke6 48. b5 Kd7 49. b6 Kc8 50. Kc3 Kb7 51. Kd3 Kxb6 52. c8Q Nxc8 53. Ke4 Kc5 54. Kxe5 Ne7 55. h3 Kc4 56. Kf6 Kd3 0-1